القدس والخليل في الرحلات المغربية : رحلة ابن عثمان نموذجا ;; al-Quds and Hebron in Moroccan Travels : ibn Otoman's Travel as an example / (Record no. 79374)
[ view plain ]
| 000 -LEADER | |
|---|---|
| fixed length control field | 00995naa a2200229 a 4500 |
| 001 - CONTROL NUMBER | |
| control field | 79374 |
| 003 - CONTROL NUMBER IDENTIFIER | |
| rucl marc code | BD-RjUL |
| 005 - DATE AND TIME OF LATEST TRANSACTION | |
| control field | 20220214123319.0 |
| 008 - FIXED-LENGTH DATA ELEMENTS--GENERAL INFORMATION | |
| fixed length control field | 220214s1997 su adf|| |||| 001 0 ara d |
| 020 ## - INTERNATIONAL STANDARD BOOK NUMBER | |
| International Standard Book Number | 9981261270 |
| 035 ## - SYSTEM CONTROL NUMBER | |
| System control number | (BD-RjUL)79374 |
| 040 ## - CATALOGING SOURCE | |
| Original cataloging agency | BD-RjUL |
| Language of cataloging | eng |
| Transcribing agency | BD-RjUL |
| 041 ## - LANGUAGE CODE | |
| Language code of text/sound track or separate title | ara |
| 082 ## - DEWEY DECIMAL CLASSIFICATION NUMBER | |
| Edition number | 23 |
| Classification number | 916.4 |
| Author mark and year | TAQ 1997 |
| 100 ## - MAIN ENTRY--PERSONAL NAME | |
| Personal name | Tazi, Abdelhadi =التازي، عبدالهادي |
| 9 (RLIN) | 1318 |
| 245 14 - TITLE STATEMENT | |
| Title | القدس والخليل في الرحلات المغربية : رحلة ابن عثمان نموذجا ;; al-Quds and Hebron in Moroccan Travels : ibn Otoman's Travel as an example / |
| Remainder of title | Abdelhadi Tazi ;; عبد الهادي التازي |
| 260 ## - PUBLICATION, DISTRIBUTION, ETC. (IMPRINT) | |
| Place of publication, distribution, etc. | Ribath : |
| Name of publisher, distributor, etc. | al-Munazzamat Islamiyah li-Tarbiyah wa Ulum wa Thaqafah, = Islamic Educational , Scientific and Cultural organization,[ ISESCO] |
| Date of publication, distribution, etc. | 1997 |
| 300 ## - PHYSICAL DESCRIPTION | |
| Pagination | 109 pages : |
| Illustrations | ill. ; |
| Size | 27 cm |
| 650 ## - SUBJECT ADDED ENTRY--TOPICAL TERM | |
| Topical term or geographic name as entry element | Jerusalem |
| Form subdivision | Description and travel. |
| 9 (RLIN) | 1319 |
| Topical term or geographic name as entry element | Morocco |
| Form subdivision | Description and travel. |
| 9 (RLIN) | 1320 |
| 942 ## - ADDED ENTRY ELEMENTS (KOHA) | |
| Source of classification or shelving scheme | Dewey Decimal Classification |
| Koha item type | Books |
| Lost status | Source of classification or shelving scheme | Damaged status | Not for loan | Collection code | Permanent Location | Current Location | Shelving location | Date acquired | Source of acquisition | Full call number | Date last seen | Copy number | Koha item type |
|---|---|---|---|---|---|---|---|---|---|---|---|---|---|
| Dewey Decimal Classification | Not For Loan | Non-fiction | Central Library, University of Rajshahi | Central Library, University of Rajshahi | Reading Room | 17/08/1999 | ISESSCO | A 916.4 TAQ 1997 | 14/02/2022 | C-1 | Books | ||
| Dewey Decimal Classification | Non-fiction | Central Library, University of Rajshahi | Central Library, University of Rajshahi | General Stacks | 17/08/1999 | ISESSCO | A 916.4 TAQ 1997 | 14/02/2022 | C-2 | Books |